000 00552nam a2200181Ia 4500
003 LK-CoDNM
005 20240122133556.0
008 010623t1938 xxu||||| |||| 00| 1 sin d
040 _aLK-CoDNM
_dLK-CoDNM
_eLK-CoDNM
041 _asin
080 _a104
_bK 21
100 _aSirisaddhammawansa Thero,Kotmale.
245 _aප්‍ර‍තිපත්ති සාසනය,ද්වීතිය භාගය
246 _aPratipatti Saasanaya,Dvitiya Baagaya
260 _bD.M.Abhayasekara
_aKalutara
_c1938
300 _b74p, 21 cm
942 _cBK
999 _c98999
_d98999